000 00593nam#a2200217#c#4500
003 IEF
005 20180219163627.0
008 950601s1979 GBR####fr####| 0||u|ENG|u
040 _aIEF
041 _aENG
245 _aA common mans'guide to the Common Market
_c edited by Hugh Arbuthnott
260 _a[London]
_b Macmillan
_c1979
300 _aVIII, 213 p.
_c24 cm.
500 _aIndices, abreviaturas y bibliografía
650 4 _aCOMUNIDAD ECONOMICA EUROPEA
_950223
650 4 _aGUIAS
_945036
700 1 _aArbuthnott, Hugh
_91867
942 _cLIB
942 _z54240
999 _c82643
_d82643